000 00502nam a2200181Ia 4500
003 GCL
008 140319s9999 xx 000 0 ara d
040 _aGCL /
_cGCL
082 0 4 _a813.01
_bس ب
100 1 _aسعيد الكفراوى
245 1 0 _aبيت للعابدين /
_cسعيد الكفراوى
300 _a113
490 _aالملتقى القصصى
_v0
650 0 4 _aالادب العربى
650 0 4 _aالقصص القصيرة
650 0 4 _aالمجموعات
942 _2ddc
_cBK
999 _c43791
_d43791